000 01147njm a2200313Ia 4500
001 89978
003 IT-RoPAU
005 20220918181142.0
008 131025s9999 xx 000 0 und d
040 _aIT-RoPAU
040 _cIT-RoPAU
041 _aITALIANO
999 _c101346
_d101346
999 _bn.d.
100 _aCento Giosy
_91580
100 _eAutore musica
_927065
100 _gCodice autore musica SPICS: 10822
_91582
245 _aUna vita firmata
250 _a1a ed.
260 _aROMA
260 _bEP - MUSICALI E DISCOGRAFICHE
_c1990 [1a Ed.:1990 - Ed. Lingua Orig.: 1990]
300 _aCOMPACT DISC
300 _c42 minuti (Testo: 0 pag.)
500 _aMusica religiosa. Cantautore di Dio
505 _aNon possiamo tacere - Una vita firmata - I ragazzi - Liberi per servire - L'avventura di un amore sincero - Zingaro - Le stelle del sabato sera - Alè Francesco
650 _aRELIGIOSO [COMPACT DISC]
_eCodice MATERIA SPICS: 9949
_914031
700 _aCento Giosy
_eAutore testo e musica
_gCodice autore testo/musica SPICS: 10822
_927066
700 _aCento Giosy
_gCodice interprete SPICS: 10822
_eInterprete
_927067
942 _cCD
_2ddc